The tyranny of the group / (Record no. 7562)

MARC details
000 -LEADER
fixed length control field 00657pam a2200217 4500
001 - CONTROL NUMBER
control field 8726
005 - DATE AND TIME OF LATEST TRANSACTION
control field 20181127190611.0
008 - FIXED-LENGTH DATA ELEMENTS--GENERAL INFORMATION
fixed length control field 750401t19751973nju b 000 0 eng
010 ## - LIBRARY OF CONGRESS CONTROL NUMBER
LC control number 75001278
020 ## - INTERNATIONAL STANDARD BOOK NUMBER
International Standard Book Number 0822602946
082 00 - DEWEY DECIMAL CLASSIFICATION NUMBER
Classification number 301.11
100 1# - MAIN ENTRY--PERSONAL NAME
Personal name Malcolm, Andrew I.
245 14 - TITLE STATEMENT
Title The tyranny of the group /
Statement of responsibility, etc. by Andrew Malcolm.
260 ## - PUBLICATION, DISTRIBUTION, ETC.
Place of publication, distribution, etc. Totowa, N.J. :
Name of publisher, distributor, etc. Littlefield, Adams,
Date of publication, distribution, etc. 1975, c1973.
300 ## - PHYSICAL DESCRIPTION
Extent xviii, 190 p. :
Dimensions 21 cm.
490 0# - SERIES STATEMENT
Series statement A Littlefield, Adams quality paperback ; no. 294
500 ## - GENERAL NOTE
General note Includes index.
504 ## - BIBLIOGRAPHY, ETC. NOTE
Bibliography, etc. note Bibliography: p. [183]-185.
650 #0 - SUBJECT ADDED ENTRY--TOPICAL TERM
Topical term or geographic name entry element Group relations training.
Holdings
Withdrawn status Lost status Source of classification or shelving scheme Damaged status Not for loan Collection code Home library Current library Shelving location Date acquired Serial Enumeration / chronology Inventory number Total Checkouts Full call number Barcode Date last seen Price effective from Koha item type
    Dewey Decimal Classification     Main TEST RTC Library RTC Library Main opac 12/01/2022 13212   301 MAL 30013625 12/01/2022 27/11/2018 Main
Royal Thimphu College || All Right Reserved